Biología celular y molecular de De Robertis

Guardat en:
Dades bibliogràfiques
Autors principals: De Robertis, Eduardo M. F (Autor), Hib, José (Autor), Ponzio, Roberto (Autor)
Format: Llibre
Idioma:espanyol
Publicat: Buenos Aires El Ateneo 2000
Edició:13a. ed
Matèries:
Etiquetes: Afegir etiqueta
Sense etiquetes, Sigues el primer a etiquetar aquest registre!

MARC

LEADER 00000nam a2200000 a 4500
001 UCN3475
003 CL-VaPUC
005 20250103105651.0
008 010629e20000000AG |||||||||||||||||spa|d
999 |c 296334  |d 296332 
040 |c Pontificia Universidad Católica de Valparaíso 
082 0 4 |a 571.6  |b DER  |2 21 
100 0 |a De Robertis, Eduardo M. F  |e author  |9 459997 
245 1 0 |a Biología celular y molecular de De Robertis 
250 |a 13a. ed 
260 |a Buenos Aires  |b El Ateneo  |c 2000 
300 |a 469 p 
583 |a last modification  |c 20010629 00:00:00  |k Rodrigo Vera 
600 0 7 |2 CL-VaPUC  |9 460000 
650 0 |a Biología celular  |x Biología molecular  |9 341055 
650 0 |a Membrana celular  |x Citoquímica  |9 365516 
650 0 |a Meiosis  |x Mitosis  |9 348842 
650 0 |a Ácido ribonucleico   |x Proteínas   |9 269678 
700 0 |a Hib, José  |e author  |9 459998 
700 0 |a Ponzio, Roberto  |e author  |9 459999 
942 |c BK  |2 ddc 
945 |d 20010629 00:00:00  |a vberengu 
952 |0 0  |1 0  |4 0  |6 571_600000000000000_DER_2000  |7 0  |8 A  |9 350045  |a BIBCUR  |b BIBCUR  |d 2019-11-20  |i 3737063  |l 4  |o 571.6 DER 2000  |p 3737063  |r 2025-04-22  |s 2024-11-05  |w 2019-11-20  |y BK  |k BCB 
952 |0 0  |1 0  |4 0  |6 571_600000000000000_DER_2000  |7 0  |8 A  |9 350046  |a BIBCUR  |b BIBCUR  |d 2019-11-20  |i 3754030  |o 571.6 DER 2000  |p 3754030  |r 2025-04-22  |w 2019-11-20  |y BK  |k BAC